Theni-a socio-cultural and political history / (Record no. 18027)

MARC details
000 -LEADER
fixed length control field 00964nam a22002297a 4500
008 - FIXED-LENGTH DATA ELEMENTS--GENERAL INFORMATION
fixed length control field 081105t xxu||||| |||| 00| 0 eng d
010 ## - LCCN (DPL NO)
LC control number ENG-91514
020 ## - INTERNATIONAL STANDARD BOOK NUMBER
International Standard Book Number 8190084860
Terms of availability 190.00
035 ## - SYSTEM CONTROL NUMBER
System control number EN-75047
037 ## - SOURCE OF ACQUISITION
Source of stock number/acquisition DBAD / PUB
040 ## - CATALOGING SOURCE
Original cataloging agency dpl
Language of cataloging English
100 ## - MAIN ENTRY--PERSONAL NAME
Personal name Karpagam, R.
245 ## - TITLE STATEMENT
Title Theni-a socio-cultural and political history /
Statement of responsibility, etc by R. Karpagam
260 ## - PUBLICATION, DISTRIBUTION, ETC. (IMPRINT)
Place of publication, distribution, etc Chennai
Name of publisher, distributor, etc Prabhu Publishers
Date of publication, distribution, etc 2008
270 ## - ADDRESS
Address D-57, Syndicate Residency, No. 36, Dr. Thomas Road, T. Nagar,
City Chennai
Postal code 600017
300 ## - PHYSICAL DESCRIPTION
Extent iii, 127, viiip.
Other physical details b&w photos
Dimensions 20cm (pbk)
650 ## - SUBJECT ADDED ENTRY--TOPICAL TERM
Topical term or geographic name as entry element Nationalism
Geographic subdivision India
-- Tamil Nadu
-- Theni (District)
651 ## - SUBJECT ADDED ENTRY--GEOGRAPHIC NAME
Geographic name Theni (India)
General subdivision History
651 ## - SUBJECT ADDED ENTRY--GEOGRAPHIC NAME
Geographic name Theni (India)
General subdivision Politics and government
942 ## - ADDED ENTRY ELEMENTS (KOHA)
Source of classification or shelving scheme Dewey Decimal Classification
Item type English Books
Call number suffix KAR
Classification part 320.95431
Holdings
Withdrawn status Lost status Source of classification or shelving scheme Damaged status Not for loan Collection code Home library Current library Date acquired Source of acquisition Cost, normal purchase price Total Checkouts Full call number Barcode Date last seen Copy number Cost, replacement price Koha item type
    Dewey Decimal Classification   Not For Loan Non-fiction D.B.Act.Division D.B.Act.Division 05/11/2008 DBAD / PUB 190.00   320.95431 KAR EN-75047 05/11/2008 1 190.00 English Books

© Delhi Public Library
Hit Counter
free hit counter